[Event "Telford 4NCL U2050 op"]
[Site "Telford"]
[Date "2018.11.01"]
[Round "3"]
[White "Gogia, Armaan"]
[Black "Walley, A Clive"]
[Result "1-0"]
[WhiteElo "1808"]
[BlackElo "1846"]
[PlyCount "51"]
[EventDate "2018.10.31"]
[EventType "swiss"]
[EventRounds "9"]
[EventCountry "ENG"]
[SourceTitle "CBM 187 Extra"]
[Source "ChessBase"]
[SourceDate "2018.11.04"]
[SourceVersion "1"]
[SourceVersionDate "2018.11.04"]
[SourceQuality "1"]

1. e4 c5 2. Nf3 Nc6 3. d4 cxd4 4. Nxd4 Nf6 5. Nc3 e5 6. Ndb5 d6 7. Bg5 a6 8. Na3 b5 9. Bxf6 gxf6 10. Nd5 f5 11. Bxb5 axb5 12. Nxb5 Ra4 13. Nbc7+ Kd7 14. 0-0 Qg5 15. Nb6+ Kxc7 16. Nxa4 Rg8 17. g3 fxe4 18. c3 Bg4 19. Qb3 Ne7 20. Qb6+ Kd7 21. Nc5+ dxc5 22. Rad1+ Bxd1 23. Rxd1+ Nd5 24. Rxd5+ Bd6 25. Qxd6+ Ke8 26. Rxe5+ 1-0

[Event "Telford 4NCL U2050 op"]
[Site "Telford"]
[Date "2018.11.01"]
[Round "2"]
[White "Walley, A Clive"]
[Black "Parry, Jacques"]
[Result "0-1"]
[WhiteElo "1846"]
[BlackElo "1625"]
[PlyCount "84"]
[EventDate "2018.10.31"]
[EventType "swiss"]
[EventRounds "9"]
[EventCountry "ENG"]
[SourceTitle "CBM 187 Extra"]
[Source "ChessBase"]
[SourceDate "2018.11.04"]
[SourceVersion "1"]
[SourceVersionDate "2018.11.04"]
[SourceQuality "1"]

1. e4 e5 2. Nf3 Nc6 3. Bb5 a6 4. Ba4 d6 5. 0-0 Bd7 6. c3 Nf6 7. Re1 g6 8. h3 Bg7 9. d4 0-0 10. Nbd2 Re8 11. d5 Ne7 12. Bc2 Nh5 13. Nf1 Rf8 14. Kh2 f5 15. exf5 gxf5 16. Ng1 Nf6 17. c4 Ng6 18. Ne2 Ne4 19. Bxe4 fxe4 20. Be3 Nf4 21. Nxf4 exf4 22. Bd4 Bxd4 23. Qxd4 Bf5 24. Nd2 Qh4 25. Nxe4 f3 26. Rg1 Qf4+ 27. Kh1 Bxe4 28. gxf3+ Bg6 29. Qd3 Qxf3+ 30. Qxf3 Rxf3 31. Kg2 Raf8 32. Raf1 Kh8 33. h4 Be4 34. Re1 Rxf2+ 35. Kh3 Bg6 36. Re7 R2f7 37. Rge1 Rxe7 38. Rxe7 Rf7 39. Re8+ Kg7 40. Rb8 b6 41. Rb7 Bb1 42. a3 Ba2 0-1

[Event "Paignton Morning Boniface op"]
[Site "Torquay"]
[Date "2018.09.07"]
[Round "5"]
[White "Walley, A Clive"]
[Black "Bryant, Richard BE"]
[Result "0-1"]
[WhiteElo "1846"]
[BlackElo "1854"]
[PlyCount "98"]
[EventDate "2018.09.03"]
[EventType "swiss"]
[EventRounds "5"]
[EventCountry "ENG"]
[SourceTitle "EXT 2021"]
[Source "ChessBase"]
[SourceDate "2020.10.23"]
[SourceVersion "1"]
[SourceVersionDate "2020.10.23"]
[SourceQuality "1"]

1. e4 e6 2. d4 d5 3. Nc3 Bb4 4. e5 c5 5. a3 Ba5 6. b4 cxd4 7. Nb5 Bc7 8. f4 Bd7 9. Nxc7+ Qxc7 10. Bb2 Nc6 11. Nf3 Rc8 12. Bd3 Nge7 13. 0-0 g6 14. Kh1 Nf5 15. Bxf5 gxf5 16. Bxd4 Nxd4 17. Nxd4 Qc4 18. Rf3 Ba4 19. Rc1 Rg8 20. Qd3 Rg4 21. Qxc4 Rxc4 22. c3 Ke7 23. Kg1 Rg8 24. Rh3 Rgc8 25. Rd3 b6 26. Kf2 Bd7 27. Ke2 a5 28. Kd2 axb4 29. axb4 Ra8 30. Rh3 Ra3 31. Rc2 Ba4 32. Rb2 Ra1 33. Re3 Rf1 34. g3 Rd1+ 35. Ke2 Rh1 36. Kd3 Kf8 37. Ra2 b5 38. Rae2 Rd1+ 39. Rd2 Rc1 40. Ne2 Re1 41. Ra2 Rc8 42. Rf3 Bb3 43. Rd2 Ra8 44. Ke3 Rh1 45. h4 Raa1 46. Nd4 Bc4 47. Kf2 Rh2+ 48. Ke3 Re1+ 49. Ne2 Rhxe2+ 0-1

[Event "Paignton Morning Boniface op"]
[Site "Torquay"]
[Date "2018.09.04"]
[Round "2"]
[White "Walley, A Clive"]
[Black "Abbott, Mark V"]
[Result "1/2-1/2"]
[WhiteElo "1846"]
[BlackElo "1880"]
[PlyCount "110"]
[EventDate "2018.09.03"]
[EventType "swiss"]
[EventRounds "5"]
[EventCountry "ENG"]
[SourceTitle "EXT 2021"]
[Source "ChessBase"]
[SourceDate "2020.10.23"]
[SourceVersion "1"]
[SourceVersionDate "2020.10.23"]
[SourceQuality "1"]

1. e4 c5 2. Nf3 g6 3. d4 cxd4 4. Nxd4 Nc6 5. c4 Nf6 6. Nc3 d6 7. Be2 Nxd4 8. Qxd4 Bg7 9. Be3 0-0 10. Qd2 Qa5 11. f3 Be6 12. Rc1 Rfc8 13. b3 a6 14. Nd5 Qxd2+ 15. Kxd2 Nxd5 16. cxd5 Bd7 17. Rxc8+ Rxc8 18. Rc1 Rxc1 19. Kxc1 Be5 20. h3 f5 21. Kc2 Kf7 22. a4 f4 23. Bb6 g5 24. Kd2 Kg6 25. Ke1 h6 26. Kd2 Kf6 27. Kd3 e6 28. dxe6 Bxe6 29. Bd1 h5 30. Kd2 Ke7 31. Kd3 Kd7 32. Bd4 Kc6 33. Bxe5 dxe5 34. Kc3 a5 35. Be2 Kc5 36. Bf1 g4 37. hxg4 hxg4 38. Be2 g3 39. Bd3 Bd7 40. Be2 Be8 41. Bc4 Bh5 42. Be2 Bf7 43. Bf1 Be6 44. Bd3 Bd7 45. Bc4 b6 46. Bd3 Bh3 47. Bf1 Bd7 48. Bc4 b5 49. axb5 Bxb5 50. Bxb5 Kxb5 51. Kd3 Kb4 52. Kc2 a4 53. bxa4 Kxa4 54. Kc3 Kb5 55. Kb3 Kc5 1/2-1/2

[Event "GBR-ch U1900 op 105th"]
[Site "Hull"]
[Date "2018.08.01"]
[Round "3"]
[White "Walley, A Clive"]
[Black "Georgiou, Denis"]
[Result "1/2-1/2"]
[WhiteElo "1880"]
[BlackElo "1690"]
[PlyCount "43"]
[EventDate "2018.07.30"]
[EventType "swiss"]
[EventRounds "5"]
[EventCountry "ENG"]
[SourceTitle "EXT 2021"]
[Source "ChessBase"]
[SourceDate "2020.10.23"]
[SourceVersion "1"]
[SourceVersionDate "2020.10.23"]
[SourceQuality "1"]

1. e4 c5 2. Nf3 d6 3. d4 cxd4 4. Nxd4 Nf6 5. Nc3 a6 6. Bc4 e6 7. Bb3 Nbd7 8. 0-0 Nc5 9. f3 Be7 10. Be3 0-0 11. Qd2 Bd7 12. Qf2 Rc8 13. Rad1 b5 14. Nce2 e5 15. Nf5 Nxb3 16. Nxe7+ Qxe7 17. cxb3 Rc2 18. Rd2 Rxd2 19. Bxd2 d5 20. exd5 Nxd5 21. Nc3 Be6 22. Nxd5 1/2-1/2

[Event "GBR-ch U1900 op 105th"]
[Site "Hull"]
[Date "2018.07.31"]
[Round "2"]
[White "Sellick, Simon C"]
[Black "Walley, A Clive"]
[Result "0-1"]
[WhiteElo "1674"]
[BlackElo "1880"]
[PlyCount "112"]
[EventDate "2018.07.30"]
[EventType "swiss"]
[EventRounds "5"]
[EventCountry "ENG"]
[SourceTitle "EXT 2021"]
[Source "ChessBase"]
[SourceDate "2020.10.23"]
[SourceVersion "1"]
[SourceVersionDate "2020.10.23"]
[SourceQuality "1"]

1. e4 c5 2. Nf3 Nc6 3. d4 cxd4 4. Nxd4 Nf6 5. Nc3 e5 6. Ndb5 d6 7. Bg5 a6 8. Na3 b5 9. Nd5 Be7 10. Bxf6 Bxf6 11. c3 0-0 12. Be2 Bg5 13. Nc2 Rb8 14. Nce3 Be6 15. 0-0 Bxe3 16. Nxe3 Ne7 17. f4 Qb6 18. Qd2 f5 19. Kh1 fxe4 20. fxe5 dxe5 21. Rxf8+ Rxf8 22. Rd1 Bxa2 23. Ng4 Ng6 24. c4 Bxc4 25. Bxc4+ bxc4 26. Qd5+ Kh8 27. Nxe5 Nxe5 28. Qxe5 Qf2 29. h3 e3 30. Rd7 Qf6 31. Qxe3 Qxb2 32. Qc5 Rf1+ 33. Kh2 Qb8+ 34. Qc7 Qxc7+ 35. Rxc7 h6 36. Rxc4 Ra1 37. Kg3 a5 38. Kg4 Rb1 39. Rc5 a4 40. Ra5 Ra1 41. Kh5 Kh7 42. Ra6 a3 43. Kg4 a2 44. Kh5 g6+ 45. Kh4 Kg7 46. Kg4 Kf7 47. Kh4 Ke7 48. g4 Kd7 49. Rxg6 Rb1 50. Ra6 a1Q 51. Rxa1 Rxa1 52. Kh5 Ra6 53. h4 Ke7 54. g5 hxg5 55. Kxg5 Kf7 56. h5 Kg7 0-1

[Event "BCF-ch Week1 PM op"]
[Site "Bournemouth"]
[Date "2016.07.28"]
[Round "4"]
[White "Walley, A Clive"]
[Black "Brown, Tom"]
[Result "0-1"]
[WhiteElo "1930"]
[BlackElo "2107"]
[PlyCount "68"]
[EventDate "2016.07.25"]
[EventType "swiss"]
[EventRounds "5"]
[EventCountry "ENG"]
[SourceTitle "CBM 173 Extra"]
[Source "ChessBase"]
[SourceDate "2016.08.29"]
[SourceVersion "1"]
[SourceVersionDate "2016.08.29"]
[SourceQuality "1"]

1. e4 c6 2. d4 d5 3. Nc3 dxe4 4. Nxe4 Nf6 5. Nxf6+ gxf6 6. Nf3 Bg4 7. Be2 e6 8. 0-0 Bd6 9. h3 Bxf3 10. Bxf3 Nd7 11. c4 Qc7 12. Be3 0-0-0 13. Qa4 Nb6 14. Qc2 Rdg8 15. Kh1 Bf4 16. Rfe1 Kb8 17. b3 Rg5 18. Qe4 Bxe3 19. Qxe3 Nc8 20. Rad1 Ne7 21. Rd2 Rhg8 22. Red1 Ng6 23. g3 Ne7 24. Rg1 h5 25. h4 Nf5 26. Qe4 R5g7 27. d5 cxd5 28. cxd5 Nh6 29. Qb4 e5 30. Rdd1 Qd7 31. Kg2 f5 32. Rc1 e4 33. Be2 Ka8 34. Rc3 f4 0-1

[Event "BCF-ch Week1 PM op"]
[Site "Bournemouth"]
[Date "2016.07.26"]
[Round "2"]
[White "Walley, A Clive"]
[Black "Balouka Myers, Reuben"]
[Result "1-0"]
[WhiteElo "1930"]
[BlackElo "1507"]
[PlyCount "59"]
[EventDate "2016.07.25"]
[EventType "swiss"]
[EventRounds "5"]
[EventCountry "ENG"]
[SourceTitle "CBM 173 Extra"]
[Source "ChessBase"]
[SourceDate "2016.08.29"]
[SourceVersion "1"]
[SourceVersionDate "2016.08.29"]
[SourceQuality "1"]

1. e4 e6 2. d4 d5 3. Nc3 Bb4 4. e5 Ne7 5. a3 Bxc3+ 6. bxc3 c5 7. Qg4 Qc7 8. Qxg7 Rg8 9. Qxh7 cxd4 10. Ne2 Nbc6 11. f4 b6 12. Qd3 Nf5 13. cxd4 a5 14. Be3 Ba6 15. Qd2 Bxe2 16. Kxe2 Nxe3 17. Kxe3 Ne7 18. Bb5+ Kd8 19. c3 Rc8 20. Rac1 Nf5+ 21. Kf2 Qe7 22. g3 Qxa3 23. Bd3 Ng7 24. Rc2 Qe7 25. Rb1 Rh8 26. Kg1 Kc7 27. c4 Kb7 28. Qxa5 Qd8 29. Rcb2 Rc6 30. c5 1-0